Paroles - En Chantant - Michel Sardou - Statistiques

Statistiques générales
  • Ce quiz a été pris 442 fois
  • Le résultat moyen est 217 sur 281
Statistiques - réponses
Réponse % Correct
Je
99%
Je
99%
je
99%
chantant
98%
En
98%
en
98%
De
97%
de
97%
le
97%
Le
97%
Quand
97%
Quand
97%
A
95%
à
95%
a
95%
j'étais
95%
J'étais
95%
j'étais
95%
La
95%
la
95%
ma
95%
mes
95%
mes
95%
petit
95%
petit
95%
des
94%
garçon
94%
ce
93%
plus
93%
leçons
92%
moi
92%
con
91%
Et
91%
se
91%
C'est
90%
c'est
90%
vie
90%
vie
90%
chanson
88%
moins
88%
marrant
87%
bien
86%
tard
86%
années
85%
repassais
85%
repassais
85%
désespérant
84%
idées
84%
noires
84%
faire
83%
traiter
83%
fille
81%
elle
80%
l'amour
80%
L'amour
80%
première
79%
Dans
78%
J'ai
78%
j'ai
78%
l'ai
78%
Que
78%
que
78%
chassais
77%
du
77%
beaucoup
76%
fait
76%
fois
76%
rue
74%
suivie
74%
dix
73%
si
73%
Si
73%
parle
72%
temps
72%
mauvais
71%
s'est
71%
content
70%
mignon
69%
parler
69%
Qui
69%
inquiétant
68%
déshabillée
66%
habitué
66%
joué
66%
les
65%
vieil
65%
ne
64%
Enchantée
63%
au
61%
quitté
61%
tellement
61%
Mais
59%
matin
59%
guerre
58%
pas
58%
On
56%
ou
56%
Qu'au
53%
m'ait
51%
aussi
49%
bout
49%
fleur
49%
fusil
49%
sa
49%
femme
48%
mon
48%
Tous
48%
Jupiter
46%
gagne
45%
Qu'en
45%
hommes
44%
m'expliquer
44%
peine
44%
victoire
44%
enfants
43%
galère
43%
est
42%
vont
42%
n'peux
40%
soutiennent
40%
pêche
39%
mort
38%
Boudha
37%
Jéhovah
36%
révolution
34%
père
32%
soit
32%
sur
30%
monde
28%
bras
27%
copains
27%
ouverts
26%
bons
25%
j'irai
24%
m'attend
24%
terre
24%
m'enterrent
23%
revoir
23%
côté
22%
nos
22%
opinions
22%
jardin
21%
mourir
20%
Qu'elles
19%
soient
19%
enfin
18%
faut
18%
J'aimerais
16%
Puisqu'il
14%
Aucun quiz correspondant
Distribution des résultats
% des personnes avec chaque résultat
Percentile par nombre de réponses
Votre historique - résultats
Vous n’avez pas pris ce quiz